| 000 | 01412cam a2200373 i 4500 | ||
|---|---|---|---|
| 999 |
_c200448488 _d66700 |
||
| 001 | 200448488 | ||
| 003 | TR-AnTOB | ||
| 005 | 20230727165821.0 | ||
| 007 | ta | ||
| 008 | 980714s1994 tu 000 0 tur d | ||
| 020 | _a9751909287 | ||
| 035 | _a(TR-AnTOB)200448488 | ||
| 040 |
_aBGZ _beng _erda _cBGZ _dTR-AnTOB |
||
| 041 | 0 | _atur | |
| 050 | 4 |
_aHC79.C63 _bD48 1994 |
|
| 090 |
_aHC79.C63 _bD48 1994 |
||
| 110 | 2 |
_aDevlet Planlama Teşkilatı (Türkiye). _bÖzel İhtisas Komisyonu _937704 |
|
| 245 | 1 | 0 |
_aTüketici Politikaları Özel İhtisas Komisyonu raporu / _cDPT. |
| 246 | 3 | 0 | _aVII. Beş Yıllık Kalkınma Planı Özel İhtisas Komisyonu raporu :Tüketici Politikaları |
| 246 | 3 | 0 | _aYedinci Beş Yıllık Kalkınma Planı Özel İhtisas Komisyonu raporu : Tüketici Politikaları |
| 246 | 1 | 4 | _aTüketici politikaları |
| 264 | 1 |
_aAnkara : _bT.C. Başbakanlık Devlet Planlama Teşkilatı, _c1994. |
|
| 300 |
_a58 pages : _btables ; _c24 cm |
||
| 336 |
_atext _btxt _2rdacontent |
||
| 337 |
_aunmediated _bn _2rdamedia |
||
| 338 |
_avolume _bnc _2rdacarrier |
||
| 490 | 0 |
_aDevlet Planlama Teşkilatı ; _vyayın no. DPT:2352-ÖİK:421. |
|
| 500 | _a"Eylül 1994." | ||
| 650 | 0 |
_aTüketicinin korunması _zTürkiye _9120735 |
|
| 650 | 7 |
_aTüketicinin korunması _xHukuk ve mevzuat _zTürkiye _2etuturkob _9121360 |
|
| 942 |
_2lcc _cBK |
||